[Event "Hoogeveen op 24th"]
[Site "Hoogeveen"]
[Date "2021.10.23"]
[Round "9"]
[White "Arabi, Osama"]
[Black "Gutkind, Kedem"]
[Result "1-0"]
[WhiteElo "1940"]
[BlackElo "2112"]
[PlyCount "149"]
[EventDate "2021.10.15"]
[EventType "swiss"]
[EventRounds "9"]
[EventCountry "NED"]
[SourceTitle "CBM 204 Extra"]
[Source "ChessBase"]
[SourceDate "2021.11.30"]
[SourceVersion "1"]
[SourceVersionDate "2021.11.30"]
[SourceQuality "1"]

1. d4 d5 2. c4 e6 3. Nc3 Be7 4. Nf3 Nf6 5. cxd5 exd5 6. Bg5 c6 7. Qc2 g6 8. e4 dxe4 9. Bxf6 Bxf6 10. Qxe4+ Qe7 11. Bc4 Bf5 12. Qxe7+ Kxe7 13. h3 h5 14. 0-0-0 Nd7 15. Rhe1+ Kf8 16. Ne4 Bxe4 17. Rxe4 Nb6 18. Bb3 Rd8 19. Ne5 Nd5 20. Nd3 Kg7 21. Nc5 b6 22. Nd3 Rhe8 23. Rde1 Rxe4 24. Rxe4 Rd6 25. Ne5 Bg5+ 26. Kc2 f5 27. Re1 Bf6 28. Bxd5 cxd5 29. Kd3 Re6 30. f4 Re7 31. Rc1 g5 32. g3 h4 33. fxg5 Bxg5 34. Rg1 hxg3 35. Rxg3 Kh6 36. Rf3 f4 37. h4 Bf6 38. Ng4+ Kg7 39. Nxf6 Kxf6 40. Rxf4+ Ke6 41. Kc3 Rc7+ 42. Kd2 Rg7 43. h5 Rh7 44. Rh4 Kf5 45. Ke3 Kg5 46. Rh2 Re7+ 47. Kd3 Rh7 48. Re2 Rxh5 49. Re7 Kf4 50. Rf7+ Kg5 51. Rxa7 Rh3+ 52. Kc2 Rh4 53. Kc3 Rh3+ 54. Kc2 Rh2+ 55. Kb3 Rh4 56. Rb7 Rxd4 57. Rxb6 Kf4 58. a4 Rd1 59. Ka2 d4 60. a5 d3 61. Rd6 Ke3 62. a6 Rh1 63. b4 d2 64. a7 Rh6 65. Rxh6 d1Q 66. Rh3+ Kd4 67. a8Q Qc2+ 68. Ka3 Qc1+ 69. Ka4 Qd1+ 70. Rb3 Qa1+ 71. Ra3 Qd1+ 72. Ka5 Qh5+ 73. b5 Qe5 74. Qd8+ Ke4 75. Qd3+ 1-0

[Event "Hoogeveen op 24th"]
[Site "Hoogeveen"]
[Date "2021.10.21"]
[Round "7"]
[White "Roobol, Martin"]
[Black "Gutkind, Kedem"]
[Result "1/2-1/2"]
[WhiteElo "2296"]
[BlackElo "2112"]
[PlyCount "80"]
[EventDate "2021.10.15"]
[EventType "swiss"]
[EventRounds "9"]
[EventCountry "NED"]
[SourceTitle "CBM 204 Extra"]
[Source "ChessBase"]
[SourceDate "2021.11.30"]
[SourceVersion "1"]
[SourceVersionDate "2021.11.30"]
[SourceQuality "1"]

1. e4 c6 2. d4 d5 3. e5 Bf5 4. h4 h6 5. Ne2 e6 6. Ng3 Bh7 7. Bd3 Bxd3 8. Qxd3 c5 9. c3 Nc6 10. a3 Qb6 11. Ne2 Rc8 12. Nd2 cxd4 13. cxd4 h5 14. 0-0 Nh6 15. b4 Nf5 16. Nf3 Be7 17. g3 0-0 18. Bg5 Rfe8 19. Rfd1 Bf8 20. Nh2 Rc7 21. g4 hxg4 22. Nxg4 Rec8 23. h5 Nce7 24. Ra2 a6 25. Rad2 Qb5 26. Qh3 Kh7 27. h6 g6 28. Nf6+ Kh8 29. h7 Bg7 30. Ng4 Qa4 31. Bf6 Rc2 32. Ng3 Rxd2 33. Rxd2 Qxa3 34. Kh2 Qf3 35. b5 axb5 36. Rb2 Qf4 37. Rxb5 Rc7 38. Ra5 Rc8 39. Rb5 Rc7 40. Ra5 Rc8 1/2-1/2

[Event "Hoogeveen op 24th"]
[Site "Hoogeveen"]
[Date "2021.10.18"]
[Round "4"]
[White "Gutkind, Kedem"]
[Black "Van der Hagen, Loek"]
[Result "0-1"]
[WhiteElo "2112"]
[BlackElo "2010"]
[PlyCount "80"]
[EventDate "2021.10.15"]
[EventType "swiss"]
[EventRounds "9"]
[EventCountry "NED"]
[SourceTitle "CBM 204 Extra"]
[Source "ChessBase"]
[SourceDate "2021.11.30"]
[SourceVersion "1"]
[SourceVersionDate "2021.11.30"]
[SourceQuality "1"]

1. d4 Nf6 2. Nf3 g6 3. Nc3 Bg7 4. e4 d6 5. Be2 0-0 6. 0-0 a6 7. a4 Nc6 8. h3 e5 9. d5 Ne7 10. Nd2 Nd7 11. a5 f5 12. Na4 Nf6 13. f3 Bh6 14. c4 Nh5 15. Ra3 Ng3 16. Re1 Bxd2 17. Bxd2 fxe4 18. fxe4 Nxe4 19. Bh6 Rf7 20. g4 Bd7 21. Bf3 Bxa4 22. Qxa4 Nc5 23. Qc2 Nc8 24. b4 Qh4 25. Rf1 Qxh6 26. bxc5 Qxh3 27. cxd6 Nxd6 28. c5 Nb5 29. Re3 Raf8 30. Qg2 Qxg2+ 31. Bxg2 Rxf1+ 32. Bxf1 Nd4 33. Bc4 Kg7 34. Kg2 Kf6 35. g5+ Kxg5 36. Rxe5+ Nf5 37. Kf3 h5 38. c6 bxc6 39. dxc6 Rf6 40. Rc5 Rxc6 0-1

[Event "Vlissingen HZ op 22nd"]
[Site "Vlissingen"]
[Date "2018.08.08"]
[Round "6"]
[White "Ree, Hans"]
[Black "Gutkind, Kedem"]
[Result "1/2-1/2"]
[WhiteElo "2303"]
[BlackElo "2099"]
[PlyCount "78"]
[EventDate "2018.08.04"]
[EventType "swiss"]
[EventRounds "9"]
[EventCountry "NED"]
[SourceTitle "CBM 185 Extra"]
[Source "ChessBase"]
[SourceDate "2018.07.29"]
[SourceVersion "1"]
[SourceVersionDate "2018.07.29"]
[SourceQuality "1"]

1. b3 e5 2. Bb2 Nc6 3. Nf3 e4 4. Nd4 Nxd4 5. Bxd4 d5 6. d3 Nf6 7. e3 Bb4+ 8. Nd2 0-0 9. Be2 c5 10. Bb2 Qa5 11. a3 Bc3 12. Bxc3 Qxc3 13. 0-0 Bf5 14. Rc1 Rfd8 15. Nb1 Qb2 16. d4 Rac8 17. dxc5 d4 18. Qd2 Rxc5 19. Rfd1 Rcd5 20. exd4 Rxd4 21. Qa5 Rxd1+ 22. Rxd1 Rxd1+ 23. Bxd1 h6 24. Nc3 b6 25. Qe5 Qa1 26. h3 e3 27. Kh2 exf2 28. Qxf5 Qxc3 29. Qxf2 Qa1 30. Bf3 Qxa3 31. Qd4 Qe7 32. c4 Qc7+ 33. g3 a5 34. Bg2 Kh7 35. Qf2 Qc5 36. Qf4 Kg8 37. Qb8+ Kh7 38. Qf4 Kg8 39. Qb8+ Kh7 1/2-1/2

[Event "Leiden op-A 12th"]
[Site "Leiden"]
[Date "2018.07.18"]
[Round "5"]
[White "Van Vliet, Jeffrey"]
[Black "Gutkind, Kedem"]
[Result "1-0"]
[WhiteElo "2360"]
[BlackElo "2110"]
[PlyCount "97"]
[EventDate "2018.07.13"]
[EventType "swiss"]
[EventRounds "9"]
[EventCountry "NED"]
[SourceTitle "CBM 185 Extra"]
[Source "ChessBase"]
[SourceDate "2018.07.29"]
[SourceVersion "1"]
[SourceVersionDate "2018.07.29"]
[SourceQuality "1"]

1. e4 e6 2. d4 d5 3. Nc3 dxe4 4. Nxe4 Bd7 5. Nf3 Bc6 6. Bd3 Nd7 7. Qe2 Ngf6 8. Ng3 g6 9. c4 Bxf3 10. Qxf3 Bb4+ 11. Ke2 0-0 12. Rd1 c6 13. c5 Nd5 14. Ne4 e5 15. a3 f5 16. axb4 fxe4 17. Qxe4 Qf6 18. Be3 Rae8 19. Bc4 exd4 20. Bxd5+ cxd5 21. Qxd5+ Rf7 22. Qxd4 Qxf2+ 23. Kd3 Qxg2 24. Rd2 Qh3 25. Re2 Ne5+ 26. Kc3 Rd7 27. Qe4 Rde7 28. Rae1 Qf3 29. Qf4 Rf7 30. Qxf3 Rxf3 31. Kc2 Nc6 32. b5 Nb4+ 33. Kd2 Rd8+ 34. Kc3 Nd5+ 35. Kc4 Nxe3+ 36. Rxe3 Rf4+ 37. Re4 Rf7 38. Re8+ Rxe8 39. Rxe8+ Rf8 40. Rxf8+ Kxf8 41. Kd5 Ke7 42. c6 Kd8 43. cxb7 Kc7 44. Ke6 Kxb7 45. Kf6 Kb6 46. Kg7 Kxb5 47. Kxh7 g5 48. Kh6 g4 49. Kh5 1-0

[Event "Leiden op-A 12th"]
[Site "Leiden"]
[Date "2018.07.14"]
[Round "2"]
[White "Gutkind, Kedem"]
[Black "Maiorov, Nikita"]
[Result "0-1"]
[WhiteElo "2110"]
[BlackElo "2526"]
[PlyCount "76"]
[EventDate "2018.07.13"]
[EventType "swiss"]
[EventRounds "9"]
[EventCountry "NED"]
[SourceTitle "CBM 185 Extra"]
[Source "ChessBase"]
[SourceDate "2018.07.29"]
[SourceVersion "1"]
[SourceVersionDate "2018.07.29"]
[SourceQuality "1"]

1. e4 e5 2. Nf3 Nc6 3. Bb5 a6 4. Ba4 Nf6 5. 0-0 Be7 6. Re1 b5 7. Bb3 d6 8. d3 0-0 9. Bd2 Bb7 10. a4 b4 11. a5 Rb8 12. c3 Bc8 13. Bc4 h6 14. h3 bxc3 15. bxc3 Bb7 16. Qa4 Na7 17. Qa2 c6 18. Bb3 Nd7 19. Be3 Nb5 20. Rc1 Bf6 21. Nbd2 Qe7 22. Rab1 Kh7 23. d4 g6 24. Ba4 Bg7 25. Rb2 f5 26. exf5 gxf5 27. Qb1 e4 28. Nh2 Ba8 29. g3 d5 30. Nhf1 Nc7 31. Rxb8 Rxb8 32. Qa2 Ne6 33. f4 c5 34. Nb3 c4 35. Na1 Ndf8 36. Nd2 Qc7 37. Nc2 Qxa5 38. Nb4 Nxd4 0-1

[Event "Vlissingen HZ op 21st"]
[Site "Vlissingen"]
[Date "2017.08.11"]
[Round "8"]
[White "Gutkind, Kedem"]
[Black "Amesz, Jaap"]
[Result "1-0"]
[WhiteElo "2063"]
[BlackElo "2201"]
[PlyCount "47"]
[EventDate "2017.08.05"]
[EventType "swiss"]
[EventRounds "9"]
[EventCountry "NED"]
[SourceTitle "CBM 179 Extra"]
[Source "ChessBase"]
[SourceDate "2017.08.23"]
[SourceVersion "1"]
[SourceVersionDate "2017.08.23"]
[SourceQuality "1"]

1. e4 d5 2. exd5 Qxd5 3. Nc3 Qa5 4. d4 Nf6 5. Nf3 c6 6. Bc4 Bf5 7. Bd2 Qc7 8. Ne5 e6 9. g4 Bg6 10. Qe2 Bb4 11. 0-0-0 Bxc3 12. Bxc3 b5 13. Bxe6 0-0 14. Bb3 a5 15. a4 bxa4 16. Bc4 Nbd7 17. h4 Rae8 18. h5 Be4 19. g5 Bxh1 20. gxf6 Nxe5 21. dxe5 gxf6 22. Qg4+ Kh8 23. Qf5 Qe7 24. Bd3 1-0

[Event "Leiden LCT op-A 11th"]
[Site "Leiden"]
[Date "2017.07.22"]
[Round "8"]
[White "Gutkind, Kedem"]
[Black "Heemskerk, Wim"]
[Result "0-1"]
[WhiteElo "2070"]
[BlackElo "2175"]
[PlyCount "58"]
[EventDate "2017.07.14"]
[EventType "swiss"]
[EventRounds "9"]
[EventCountry "NED"]
[SourceTitle "EXT 2018"]
[Source "ChessBase"]
[SourceDate "2017.10.13"]
[SourceVersion "1"]
[SourceVersionDate "2017.10.13"]
[SourceQuality "1"]

1. e4 e6 2. d4 d5 3. Nd2 Be7 4. Bd3 c5 5. dxc5 Nf6 6. Qe2 0-0 7. Ngf3 a5 8. 0-0 Na6 9. e5 Nd7 10. c4 Naxc5 11. Bc2 b6 12. b3 Bb7 13. Bb2 Qc7 14. Rae1 Rfd8 15. Nd4 Nf8 16. f4 Rd7 17. f5 exf5 18. Nxf5 Nce6 19. Qg4 Bc5+ 20. Kh1 Re8 21. Nf3 dxc4 22. Ng5 Ng6 23. Nd6 Bxd6 24. exd6 Qxd6 25. Qh3 h6 26. Bxg6 fxg6 27. Rxe6 Rxe6 28. Ba3 Rf6 29. Rg1 Qd3 0-1

[Event "Leiden LCT op-A 11th"]
[Site "Leiden"]
[Date "2017.07.15"]
[Round "2"]
[White "Gutkind, Kedem"]
[Black "De Rover, Yong Hoon"]
[Result "0-1"]
[WhiteElo "2070"]
[BlackElo "2385"]
[PlyCount "88"]
[EventDate "2017.07.14"]
[EventType "swiss"]
[EventRounds "9"]
[EventCountry "NED"]
[SourceTitle "EXT 2018"]
[Source "ChessBase"]
[SourceDate "2017.10.13"]
[SourceVersion "1"]
[SourceVersionDate "2017.10.13"]
[SourceQuality "1"]

1. e4 c5 2. Nf3 d6 3. d4 cxd4 4. Nxd4 Nf6 5. Nc3 g6 6. Be3 Bg7 7. f3 Nc6 8. Qd2 0-0 9. 0-0-0 d5 10. Qe1 e5 11. Nxc6 bxc6 12. exd5 Nxd5 13. Bc4 Be6 14. Kb1 Rb8 15. Bxa7 Rb7 16. Bc5 Qa5 17. Bxd5 cxd5 18. Bxf8 Kxf8 19. Nxd5 Qb5 20. Qb4+ Qxb4 21. Nxb4 Rxb4 22. a3 Rb7 23. b3 Ke7 24. Ka2 f5 25. Rhe1 h5 26. a4 h4 27. h3 g5 28. c4 Bd7 29. c5 Be6 30. Rd3 Rc7 31. Rc3 e4 32. Rc2 Bd5 33. Ka3 Ke6 34. b4 Bf8 35. Rd2 Ke5 36. Red1 Bc4 37. Rd8 Be7 38. R8d7 Rxd7 39. Rxd7 Ke6 40. c6 e3 41. Rd1 Bd6 42. Rc1 e2 43. c7 Bxc7 44. Rxc4 Bf4 0-1

[Event "Wachtebeke"]
[Site "Wachtebeke"]
[Date "2016.02.10"]
[Round "8"]
[White "Gutkind, Kedem"]
[Black "Dardha, Arben"]
[Result "0-1"]
[WhiteElo "2061"]
[BlackElo "2339"]
[PlyCount "152"]
[EventDate "2016.02.06"]
[EventType "tourn"]
[EventRounds "9"]
[EventCountry "BEL"]
[EventCategory "4"]
[SourceTitle "CBM 170 Extra"]
[Source "ChessBase"]
[SourceDate "2016.02.25"]
[SourceVersion "1"]
[SourceVersionDate "2016.02.25"]
[SourceQuality "1"]

1. e4 c5 2. Nf3 Nc6 3. Bb5 e6 4. 0-0 Nge7 5. c3 a6 6. Ba4 b5 7. Bc2 c4 8. d4 cxd3 9. Qxd3 Ng6 10. Qe2 Qc7 11. g3 Bb7 12. Be3 Be7 13. Nbd2 0-0 14. h4 Rfe8 15. h5 Nf8 16. Rad1 Rad8 17. Nb3 e5 18. h6 g6 19. Bg5 Ne6 20. Bxe7 Nxe7 21. Rd2 f6 22. Rfd1 d5 23. Nh4 dxe4 24. Bxe4 Bxe4 25. Qxe4 Rxd2 26. Rxd2 Rd8 27. Rxd8+ Qxd8 28. Qb7 Qd1+ 29. Kh2 Kf7 30. Na5 Nd8 31. Qxa6 Qd2 32. Qb6 Ne6 33. Qa7 Qd6 34. Qb7 Qc5 35. Kg2 f5 36. Nf3 e4 37. Nd4 Nxd4 38. cxd4 Qc2 39. Qxb5 e3 40. Qc4+ Qxc4 41. Nxc4 e2 42. Ne5+ Ke6 43. Nd3 Kd5 44. Nf4+ Kxd4 45. Nxe2+ Ke5 46. a4 Ng8 47. a5 Kd6 48. Kf3 Nxh6 49. Kf4 Nf7 50. Nd4 Kc5 51. b4+ Kxd4 52. a6 Nd8 53. Kg5 Ne6+ 54. Kh6 Ke4 55. Kxh7 g5 56. Kg6 g4 57. b5 Nc7 58. a7 Na8 59. Kf6 f4 60. Kg5 fxg3 61. fxg3 Kf3 62. Kf5 Kxg3 63. Ke6 Kf4 64. Kd7 g3 65. Kc6 g2 66. Kb7 g1Q 67. Kxa8 Ke5 68. b6 Kd6 69. Kb7 Qg2+ 70. Kb8 Qg8+ 71. Kb7 Qf7+ 72. Kc8 Qe8+ 73. Kb7 Qc6+ 74. Kb8 Qxb6+ 75. Ka8 Qd8+ 76. Kb7 Qc7+ 0-1

[Event "Wachtebeke"]
[Site "Wachtebeke"]
[Date "2016.02.06"]
[Round "2"]
[White "Gutkind, Kedem"]
[Black "Hautot, Stephane"]
[Result "0-1"]
[WhiteElo "2061"]
[BlackElo "2372"]
[PlyCount "82"]
[EventDate "2016.02.06"]
[EventType "tourn"]
[EventRounds "9"]
[EventCountry "BEL"]
[EventCategory "4"]
[SourceTitle "CBM 170 Extra"]
[Source "ChessBase"]
[SourceDate "2016.02.25"]
[SourceVersion "1"]
[SourceVersionDate "2016.02.25"]
[SourceQuality "1"]

1. e4 c5 2. Nf3 d6 3. d4 cxd4 4. Nxd4 Nf6 5. Nc3 a6 6. Bg5 e6 7. f4 Qc7 8. Qf3 Nc6 9. 0-0-0 Bd7 10. Bxf6 gxf6 11. Be2 0-0-0 12. Qh5 Be8 13. Qh3 Kb8 14. f5 Nxd4 15. Rxd4 Qc5 16. Rhd1 Qe5 17. Qd3 Bc6 18. Bh5 Rd7 19. g3 Rg8 20. Be2 Bh6+ 21. Kb1 Rgd8 22. Bf3 Bg5 23. a4 a5 24. Ka1 Bh6 25. Kb1 Bf8 26. Ka1 Rc7 27. Nb5 Rcd7 28. Nc3 Qc5 29. Kb1 Rc8 30. Bg4 Re8 31. Ka1 Rc7 32. Kb1 Qe5 33. Ka1 Rec8 34. Kb1 Bd7 35. Ka1 Rxc3 36. bxc3 Qc5 37. Kb2 d5 38. Ra1 dxe4 39. Rxe4 exf5 40. Rd4 Qb6+ 41. Kc1 fxg4 0-1

[Event "Vlissingen HZ op 19th"]
[Site "Vlissingen"]
[Date "2015.08.05"]
[Round "6"]
[White "Gutkind, Kedem"]
[Black "Wunnink, Michael"]
[Result "0-1"]
[WhiteElo "2065"]
[BlackElo "2253"]
[PlyCount "78"]
[EventDate "2015.08.01"]
[EventType "swiss"]
[EventRounds "9"]
[EventCountry "NED"]
[SourceTitle "CBM 167 Extra"]
[Source "ChessBase"]
[SourceDate "2015.09.14"]
[SourceVersion "1"]
[SourceVersionDate "2015.09.14"]
[SourceQuality "1"]

1. e4 e6 2. d3 d5 3. Nd2 Nf6 4. Ngf3 Nc6 5. g3 dxe4 6. dxe4 e5 7. Bg2 Bc5 8. 0-0 Be6 9. c3 a5 10. Qc2 0-0 11. b3 Qe7 12. a3 Ng4 13. h3 Nxf2 14. Rxf2 Bxf2+ 15. Kxf2 Qc5+ 16. Ke2 Rad8 17. Ra2 a4 18. b4 Qb6 19. Rb2 f5 20. exf5 Bd5 21. c4 Bxf3+ 22. Nxf3 e4 23. c5 exf3+ 24. Kf2 Qa7 25. Bxf3 Nd4 26. Qc4+ Kh8 27. Bg5 b5 28. Qc3 Rxf5 29. Bxd8 Rxf3+ 30. Qxf3 Nxf3 31. Re2 Kg8 32. Re8+ Kf7 33. Re7+ Kg6 34. Bxc7 Qa8 35. Be5 Qf8 36. Re6+ Kf5 37. Bd6 Qf7 38. Re7 Qd5 39. Re3 Nd4 0-1